Numerical mathematical analysis Ed 6 (Record no. 241201)

MARC details
000 -LEADER
fixed length control field 01616nam a22002657a 4500
005 - DATE AND TIME OF LATEST TRANSACTION
control field 20260409143527.0
008 - FIXED-LENGTH DATA ELEMENTS--GENERAL INFORMATION
fixed length control field 260409b |||||||| |||| 00| 0 eng d
020 ## - INTERNATIONAL STANDARD BOOK NUMBER
International Standard Book Number 9788120417595
040 ## - CATALOGING SOURCE
Transcribing agency AL
041 ## - LANGUAGE CODE
Language code of text/sound track or separate title eng
082 ## - DEWEY DECIMAL CLASSIFICATION NUMBER
Classification number 518
Item number SCAN
100 ## - MAIN ENTRY--PERSONAL NAME
Personal name James B Scarborough
100 ## - MAIN ENTRY--PERSONAL NAME
9 (RLIN) 261144
245 ## - TITLE STATEMENT
Title Numerical mathematical analysis Ed 6
250 ## - EDITION STATEMENT
Edition statement 6
260 ## - PUBLICATION, DISTRIBUTION, ETC.
Place of publication, distribution, etc. New Delhi
Name of publisher, distributor, etc. CBS Publishers and Distributors Pvt Ltd
Date of publication, distribution, etc. 2024
300 ## - PHYSICAL DESCRIPTION
Extent xxi,600p
Other physical details PB
Dimensions 21.5x14cm
365 ## - TRADE PRICE
Source of price type code Information Science and Engineering
Price type code VBI-2645
Price amount ₹393.75
Currency code
Unit of pricing ₹525.00
Price note 25%
Price effective from 20-02-2026
520 ## - SUMMARY, ETC.
Summary, etc. Numerical Mathmatical Analysis The book's object to set forth in a systematic manner and as clearly as possible the most important principles, methods and processes used for obtaining numerical results and also methods and means for estimating the accuracy of such results. The treatment of all topics has been made as elementary as was consistent with soundness and in some instances with detailed explanation as the book is meant to be understood with a minimum of effort on the part of the reader.<br/>In this edition, the enlargement is made by the addition of Trapezoidal Rule, an additional method for finding the roots of numerical equations, and formulae and computing schedules for the numerical solution of simultaneous differential equations of the second order by the Runge-Kutta method.
650 ## - SUBJECT ADDED ENTRY--TOPICAL TERM
Topical term or geographic name entry element Interpolation Formulas
9 (RLIN) 261145
650 ## - SUBJECT ADDED ENTRY--TOPICAL TERM
Topical term or geographic name entry element Integration
9 (RLIN) 261146
650 ## - SUBJECT ADDED ENTRY--TOPICAL TERM
Topical term or geographic name entry element Linear Equations
9 (RLIN) 261147
650 ## - SUBJECT ADDED ENTRY--TOPICAL TERM
Topical term or geographic name entry element Integral Equations
9 (RLIN) 261148
650 ## - SUBJECT ADDED ENTRY--TOPICAL TERM
Topical term or geographic name entry element Empirical Functions
9 (RLIN) 261149
942 ## - ADDED ENTRY ELEMENTS (KOHA)
Source of classification or shelving scheme Dewey Decimal Classification
Koha item type Book
Holdings
Withdrawn status Lost status Source of classification or shelving scheme Damaged status Not for loan Collection code Home library Current library Date acquired Source of acquisition Cost, normal purchase price Total Checkouts Full call number Barcode Date last seen Cost, replacement price Price effective from Koha item type
    Dewey Decimal Classification     Information Science and Engineering St Aloysius Engineering Library St Aloysius Engineering Library 04/08/2026 Vidyarthi books 393.75   518 SCAN SE000477 04/09/2026 525.00 02/20/2026 Book